=LDR 00000nam 2200000 4500 =001 INLIS000000000019529 =005 20130612114558 =008 ***********************************Ind** =035 ##$$0010-061300000019529 =041 ##$$a Ind =082 ##$$a F Rom D =090 ##$$a F Rom D, Sus p =100 ##$$a Suskino, Patrick =245 ##$$a Perfune, the story of a murdirer, Patrick-suskind ; penerjemah, Bima Sudiarto, penyunting, Pray =260 ##$$a 2006 $b Jakarta =300 ##$$a 428 hlm, 19 cm =650 ##$$a Fiksi Dewasa =700 ##$$a Sudiarto, Bima =850 ##$$a NBPNMAT